000
00268nam a2200097Ia 4500
001
640821
005
20250826153454.0
008
250824s9999 xx 000 0 und d
245
0
_a
MEHMET AKİF ERSOY ÖZGÜRLÜK PEŞİNDE
_c
RECEP ŞÜKRÜ APUHAN
260
_b
GENÇ TİMAŞ
999
_c
640821
_d
640821